[Event "Maraba op 3rd"]
[Site "Maraba"]
[Date "2016.04.22"]
[Round "4"]
[White "De Souza, Sabrina Emanuele Sa"]
[Black "Da Costa Neta, Elenice Fernandes"]
[Result "0-1"]
[WhiteElo "1800"]
[BlackElo "1800"]
[PlyCount "30"]
[EventDate "2016.04.21"]
[EventType "swiss"]
[EventRounds "7"]
[EventCountry "BRA"]
[SourceTitle "CBM 172 Extra"]
[Source "ChessBase"]
[SourceDate "2016.06.21"]
[SourceVersion "1"]
[SourceVersionDate "2016.06.21"]
[SourceQuality "1"]

1. e4 d6 2. Nf3 Nf6 3. d4 Nxe4 4. Qd2 Nxd2 5. Bxd2 g6 6. Nc3 Bg7 7. Be2 0-0 8. 0-0 Nd7 9. Rad1 e5 10. d5 Qe7 11. h4 e4 12. Nh2 Qxh4 13. Ng4 Ne5 14. Nxe4 Nxg4 15. Be1 Qh2# 0-1